000 00532nam a22001697a 4500
003 OSt
005 20260114151116.0
008 260114b |||||||| |||| 00| 0 eng d
040 _cMRSPTU
041 _aEnglish
100 _aRupinder Kaur, Supervisor: Dr. Munish Kumar
245 _aAutomatic Plant Leaf Recognition Using Morphological Based Approach
260 _bDepartment of CSE, MRSPTU, Bathinda
_c2017
650 _aComputer Science
856 _uhttp://163.47.215.52:8080/jspui/handle/123456789/263
942 _2ddc
_cTH
_n0
999 _c10630
_d10630